Legislación básica de derecho internacional privado

保存先:
書誌詳細
主要な著者: Borrás Rodríguez, Alegría (著者), Bouza Vidal, Nuria (著者), González Campos, Julio D (著者), Virgós Soriano, Miguel (著者)
フォーマット: 図書
言語:スペイン語
出版事項: Madrid Tecnos 2003
版:13a. ed
シリーズ:Biblioteca de Textos Legales, 139
主題:
タグ: タグ追加
タグなし, このレコードへの初めてのタグを付けませんか!

MARC

LEADER 00000nam a2200000 a 4500
001 UCL9577
003 CL-VaPUC
008 040813e20030000SP |||||||||||||||||spa|d
020 |a 843094043X 
082 0 4 |a 340.9  |b BOR  |2 21 
100 0 |a Borrás Rodríguez, Alegría  |e author  |9 487455 
700 0 |a Bouza Vidal, Nuria  |e author  |9 487456 
700 |a González Campos, Julio D  |e author  |9 539112 
700 0 |a Virgós Soriano, Miguel  |e author  |9 487458 
245 1 0 |a Legislación básica de derecho internacional privado 
250 |a 13a. ed 
300 |a 1131 p 
942 |c BK 
945 |d 20040813 00:00:00  |a cmena 
260 |a Madrid  |b Tecnos  |c 2003 
650 0 |a Derecho internacional privado  |9 256361 
650 0 |a Tratados internacionales   |9 256056 
650 0 |a Derecho comercial   |9 256340 
650 0 |a Arbitraje  |9 328491 
650 0 |a Derecho procesal penal  |9 255496 
650 7 |a DERECHO LABORAL  |2 CL-VaPUC  |9 15 
583 |a last modification  |c 20040813 00:00:00  |k Rodrigo Vera 
490 0 |a Biblioteca de Textos Legales, 139 
999 |c 310322  |d 310320 
952 |0 0  |1 0  |4 0  |6 340_900000000000000_BOR_2003  |7 0  |8 A  |9 378621  |a BIBDER  |b BIBDER  |d 2019-11-21  |i 4046277  |o 340.9 BOR 2003  |p 4046277  |r 2023-01-25  |w 2019-11-21  |y BK  |k DER